000 01109nam a2200277 i 4500
001 186549
003 SpMaBN
005 20250928132348.0
008 161124s1984 gw |||| | grc
080 _a165.72
100 0 _aSexto Empírico.
_9105957
245 1 0 _aAdversus dogmaticos
_b: libros quinque (adv. mathem. VII-XI) continens /
_crecensuit Hermannus Mutschmann.
246 3 3 _aContra los dogmáticos
250 _aRepr. der Originalausgabe von 1914.
260 _aLipsiae [Leipzig] :
_bin aedibus B.G. Teubneri,
_c1984.
300 _aXIX, 429 p. ;
_c20 cm.
490 1 _aBibliotheca Scriptorum Graecorum et Romanorum Teubneriana
490 1 _aSexti Empirici opera ;
_v2
546 _aTexto griego, introducción y notas en latín.
650 0 7 _aEscepticismo
_2embne
_912353
700 1 _aMutschmann, Hermann,
_d1882-1918
_9161367
830 0 _aBibliotheca Scriptorum Graecorum et Romanorum Teubneriana
_9192574
830 0 _aSexti Empirici opera ;
_v2
_9192575
852 _aES-MaACL
_jL-30897
_z- enc. tela
_z. - Biblioteca Jacinto Martínez Lacalle
999 _c186549
_d186549